Loading...
| Fine Arts - Auditory | 2 | 6 | 1 | 0 | 85 | 77 | 102.75 | 6 | 8 | 0.00 | 0.00 |
| Geography | 4 | 2 | 0 | 2 | 80 | 23 | 79.50 | 3 | 6 | 0.00 | 0.00 |
| Science - Other | 5 | 1 | 2 | 0 | 75 | 17 | 54.50 | 6 | 6 | 0.00 | 0.00 |
| Fine Arts - Other | 1 | 4 | 0 | 1 | 55 | 37 | 103.80 | 3 | 5 | 0.00 | 0.00 |
| Science - Physics | 0 | 4 | 0 | 0 | 40 | 81 | 91.25 | 1 | 4 | 0.00 | 0.00 |
| Science - Biology | 0 | 4 | 0 | 3 | 40 | 81 | 114.50 | 0 | 4 | 0.00 | 0.00 |
| Religion | 0 | 4 | 1 | 0 | 35 | 83 | 113.25 | 1 | 4 | 0.00 | 0.00 |
| Science - Chemistry | 0 | 3 | 1 | 0 | 25 | 93 | 111.67 | 1 | 3 | 0.00 | 0.00 |
| Literature - American | 0 | 2 | 0 | 0 | 20 | 115 | 117.50 | 1 | 2 | 0.00 | 0.00 |
| History - American | 0 | 2 | 0 | 0 | 20 | 100 | 114.50 | 0 | 2 | 0.00 | 0.00 |
| Social Science | 1 | 0 | 1 | 0 | 10 | 74 | 74.00 | 0 | 1 | 0.00 | 0.00 |
| Fine Arts - Visual | 0 | 1 | 0 | 0 | 10 | 89 | 89.00 | 0 | 1 | 0.00 | 0.00 |
| History - Ancient/Other | 0 | 1 | 0 | 1 | 10 | 90 | 90.00 | 1 | 1 | 0.00 | 0.00 |
| History - European | 0 | 1 | 0 | 1 | 10 | 130 | 130.00 | 1 | 1 | 0.00 | 0.00 |
| Literature - World | 0 | 1 | 0 | 0 | 10 | 111 | 111.00 | 1 | 1 | 0.00 | 0.00 |
| Philosophy | 0 | 1 | 1 | 0 | 5 | 108 | 108.00 | 0 | 1 | 0.00 | 0.00 |
| Mythology | 0 | 1 | 1 | 0 | 5 | 123 | 123.00 | 0 | 1 | 0.00 | 0.00 |